| 000 | 00316nam a2200109Ia 4500 | ||
|---|---|---|---|
| 008 | 230907s9999||||xx |||||||||||||| ||und|| | ||
| 082 |
_a25.82 _bROB |
||
| 245 | 0 | _aRobertson on library security and disaster planning / | |
| 260 |
_aElsevier, Chandos Publishing, _bKidlington : _c2016 |
||
| 300 | _a2017 p. | ||
| 942 | _cBK | ||
| 999 |
_c601117 _d601117 |
||